000 006330000a22001090004500
100 1 _aOrtíz, Hernán
245 1 0 _a¿Qué es lo que más te duele? : La esritura peligrosa de Tom Spanbauer
300 _aVol.0, núm.21 (Junio, 2007), Páginas 18-19
520 _aLos alumnos de su taller de escritura en Portland se ven forzados a reconocer su miedo al fracaso, a enfrentarse con sus fantasmas más íntimos para, desde allí, escribir. Esta es la historia de un laboratorio de escritura en donde la vergüenza y la autoindignación son la ley. ¿De qué se trata?
773 0 _tArcadia / Andrés Felipe Solano, Editor
942 _cANA
999 _c62205
_d62205